000 00387nam a2200157Ia 4500
008 230312s9999||||xx |||||||||||||| ||und||
020 _a9780781775250
082 _a611
_bMOO-C
100 _aMoore ,Keith ,L
245 0 _aClinically Oriented Anatomy
260 _bLippincott Williams and Wilkins
_c2006
300 _a1134
546 _aEng.
650 _aMedical
_vAnatomy
942 _cBK
999 _c4690
_d4690